Vývoj ekonomiky a změny vnějších ekonomických vztahů zemí střední a východní Evropy

Charakteristika ekonomického vývoja štátov strednej a východnej Európy v procese transformácie a východiská pre ďalšie teoretické zovšeobecnenia celkového procesu transformácie ekonomických systémov. Ekonomický rast a štruktúrne zmeny v procese transformácie. Prehľad o vývoji hrubej produkcie priemy...

Full description

Saved in:
Bibliographic Details
Main Author: Lašek, Josef
Other Authors: Neustadt, Alojz
Format: Book Chapter
Language:Czech
Subjects:
Tags: Add Tag
No Tags, Be the first to tag this record!

MARC

LEADER 00000naa a2200000 4500
001 r018369
005 20230221100502.9
041 0 |a cze 
044 |a CZ 
245 1 0 |a Vývoj ekonomiky a změny vnějších ekonomických vztahů zemí střední a východní Evropy  |c Josef Lašek, Alojz Neustadt 
520 |a Charakteristika ekonomického vývoja štátov strednej a východnej Európy v procese transformácie a východiská pre ďalšie teoretické zovšeobecnenia celkového procesu transformácie ekonomických systémov. Ekonomický rast a štruktúrne zmeny v procese transformácie. Prehľad o vývoji hrubej produkcie priemyslu a poľnohospodárstva. Vývoj HDP vo vybraných transformujúcich sa krajinách. Medzinárodné ekonomické vzťahy krajín strednej a východnej Európy. Medzinárodný obchod a jeho tovarová štruktúra v krajinách strednej a východnej Európy. Implikácia na ekonomiku ČR. 
610 2 0 |a vývoj hospodársky 
610 2 0 |a vzťahy hospodárske medzinárodné 
610 2 0 |a stredná Európa 
610 2 0 |a východná Európa 
610 2 0 |a Česko 
610 2 0 |a transformácia 
610 2 0 |a systémy ekonomické 
610 2 0 |a rast hospodársky 
610 2 0 |a priemysel 
610 2 0 |a poľnohospodárstvo 
610 2 0 |a produkt domáci hrubý 
610 2 0 |a obchod medzinárodný 
610 2 0 |a štruktúra dovozu 
610 2 0 |a štruktúra vývozu 
610 2 0 |a Európska únia 
610 2 0 |a OSN 
610 2 0 |a Medzinárodný menový fond 
610 2 0 |a EZVO 
610 2 0 |a CEFTA 
610 2 0 |a 1989-1993 
100 1 |a Lašek, Josef 
700 1 |a Neustadt, Alojz